[Event "33rd World Open"]
[Site "Philadelphia USA"]
[Date "2005.07.03"]
[Round "7"]
[White "Nakamura,H"]
[Black "Ibragimov,I"]
[Result "0-1"]
[WhiteElo "2657"]
[BlackElo "2611"]

1.c4 e5 2.Nc3 Nc6 3.g3 f5 4.Bg2 Nf6 5.d3 Bb4 6.Bd2 O-O 7.Nh3 d6 8.f4 Ng4
9.O-O Bxc3 10.bxc3 Qe8 11.fxe5 Ncxe5 12.Qc2 Qh5 13.Qb3 Kh8 14.d4 Ng6 15.e3 Rb8
16.Rae1 Bd7 17.Qc2 Bc6 18.d5 Bd7 19.c5 dxc5 20.c4 Rbe8 21.Bc1 Rf7 22.e4 Rfe7
23.Bg5 Rxe4 24.Bxe4 fxe4 25.Bh4 N4e5 26.Ng5 h6 27.Ne6 Nxh4 28.Rxe4 Nhf3+
29.Kh1 Bxe6 30.dxe6 Rxe6 31.Rf4 Rf6 32.Qe2 Qf7 33.Qe3 Rxf4 34.Qxf4 Qg6 35.Rxf3 Nxf3
36.Qxf3 Qb1+ 37.Kg2 Qxa2+ 38.Kh3 Qxc4 39.Qxb7 Qe6+ 40.Kg2 Qe2+ 41.Kg1 Qd3
42.Qxa7 c4 43.Qb8+ Kh7 44.Qxc7 c3 45.Qf4 c2 46.Kf2 Qd5 47.Qe3 Qc6 48.Qc1 Qb6+
49.Ke2 Qb1 50.Kd2 Qxc1+ 51.Kxc1 Kg6 52.Kxc2 Kf5  0-1

[Event "GM"]
[Site "Biel SUI"]
[Date "2005.07.17"]
[Round "1"]
[White "Nakamura,H"]
[Black "Carlsen,M"]
[Result "1/2-1/2"]
[WhiteElo "2660"]
[BlackElo "2528"]

1.e4 e5 2.Nf3 Nc6 3.Bb5 a6 4.Ba4 Nf6 5.O-O Be7 6.Re1 b5 7.Bb3 O-O 8.d4 d6
9.c3 Bg4 10.Be3 exd4 11.cxd4 Na5 12.Bc2 c5 13.dxc5 dxc5 14.h3 Qxd1 15.Bxd1 Be6
16.Nbd2 Nc6 17.Ng5 c4 18.a3 Rad8 19.Bc2 Bc8 20.f4 Nd7 21.Ngf3 Nc5 22.e5 Nd3
23.Bxd3 Rxd3 24.Ne4 Bf5 25.Nd6  1/2-1/2

[Event "GM"]
[Site "Biel SUI"]
[Date "2005.07.18"]
[Round "2"]
[White "Volokitin,And"]
[Black "Nakamura,H"]
[Result "1/2-1/2"]
[WhiteElo "2671"]
[BlackElo "2660"]

1.e4 e5 2.Nf3 Nc6 3.Bb5 a6 4.Ba4 Nf6 5.O-O Nxe4 6.d4 b5 7.Bb3 d5 8.dxe5 Be6
9.Nbd2 Nc5 10.c3 d4 11.Bxe6 Nxe6 12.cxd4 Ncxd4 13.a4 Bb4 14.axb5 Nxb5 15.Qb3 a5
16.Qc4 Nbd4 17.Nxd4 Qxd4 18.Qc6+ Ke7 19.Nf3 Qd7 20.Qc2 h6 21.Rd1 Qb5 22.Nd4 Nxd4
23.Rxd4 Rhd8 24.Qxc7+ Rd7 25.Rxd7+ Qxd7 26.Qc2 Rd8 27.Be3 Qd3 28.Qxd3 Rxd3
29.Kf1 Rb3 30.Bd4 Ke6 31.Ke2 g5 32.Rd1 Kd5 33.Bc3+ Ke6 34.Bd4 Kd5 35.Rd3 Rxd3
36.Kxd3 a4 37.f3 h5 38.Be3 Be7 39.Bd4 Bb4 40.Be3 Be7 41.Bd4  1/2-1/2

[Event "GM"]
[Site "Biel SUI"]
[Date "2005.07.19"]
[Round "3"]
[White "Nakamura,H"]
[Black "Bauer,Ch"]
[Result "1-0"]
[WhiteElo "2660"]
[BlackElo "2641"]

1.e4 c5 2.Nf3 Nc6 3.d4 cxd4 4.Nxd4 Nf6 5.Nc3 d6 6.f3 e5 7.Nb3 Be6 8.Be3 Be7
9.Qe2 a5 10.Qb5 O-O 11.O-O-O Qb8 12.Na4 Ra6 13.Kb1 Ne8 14.Nb6 a4 15.Nd2 Bd8
16.Nd5 Ra5 17.Qe2 Bxd5 18.exd5 Rxd5 19.Qc4 Ra5 20.Ne4 Be7 21.Be2 a3 22.b3 Nf6
23.Bb6 Ra6 24.Bf2 Qc7 25.Nxf6+ Bxf6 26.Rd5 Ra5 27.Rhd1 Rxd5 28.Rxd5 Rc8 29.Bd3 g6
30.Be4 Kg7 31.Be3 Qe7 32.Bc1 Ra8 33.Rb5 Ra6 34.Be3 Qd7 35.Qd3 Qc7 36.c3 Ra8
37.Qc4 Rc8 38.Bc1 Qd7 39.Bxa3 Nd8 40.Qd5 Rxc3 41.Qxd6 Qe8 42.Rb6 Ne6 43.Rxb7 h5
44.Rb8 Rc8 45.Rxc8 Qxc8 46.Bb2 Nd4 47.Qb4 Qa6 48.Qe1 h4 49.Qd1 Qb5 50.f4 Qb6
51.fxe5 Bxe5 52.a4 f6 53.Ka2 Ne6 54.Qd7+ Kh6 55.Bc1+ Bf4 56.Bxf4+ Nxf4 57.Qd2 g5
58.g3 Qe6 59.Bf3 Ng6 60.a5 Ne5 61.Bb7 hxg3 62.hxg3 Qe7 63.Be4 Qc5 64.a6 f5
65.Bxf5 Nc6 66.Qh2+ Kg7 67.Qh7+ Kf6 68.Qg6+ Ke7 69.Qe6+ Kf8 70.Qf6+ Ke8 71.Bg6+ Kd7
72.Qf5+ Qxf5 73.Bxf5+ Kc7 74.Ka3 Kb6 75.Bd3 Ne5 76.Be2 Nc6 77.g4 Nd4 78.Bd3  1-0

[Event "GM"]
[Site "Biel SUI"]
[Date "2005.07.21"]
[Round "5"]
[White "Nakamura,H"]
[Black "Pelletier,Y"]
[Result "1-0"]
[WhiteElo "2660"]
[BlackElo "2603"]

1.e4 e6 2.d4 d5 3.e5 c5 4.c3 Nc6 5.Nf3 Qb6 6.a3 c4 7.Nbd2 Na5 8.Be2 Bd7 9.O-O Ne7
10.Rb1 Qc7 11.Re1 Nc8 12.Nf1 Nb6 13.Bf4 Ba4 14.Qc1 Nb3 15.Qe3 h6 16.h4 O-O-O
17.h5 Na5 18.N3d2 Bc2 19.Rbc1 Bh7 20.Bd1 Kb8 21.Bc2 Bxc2 22.Rxc2 Be7 23.Bh2 Ka8
24.Qh3 Qd7 25.f4 g6 26.Ne3 Rdg8 27.Nf3 Nc6 28.Kh1 Bd8 29.g4 Qe8 30.Rg1 Nd7
31.Re2 gxh5 32.Qxh5 Qf8 33.f5 Bg5 34.Rf1 Qg7 35.Ng2 Qh7 36.Ref2 Nd8 37.Ng1 Nb8
38.Ne2 Na6 39.Ng3 Re8 40.Qh3 Re7 41.Nh5 Rc7 42.Bf4 Nb8 43.Bxg5 hxg5 44.Ne3 Nbc6
45.Rh2 Ne7 46.Rf3 Rc6 47.Nf6 Qxh3 48.Rfxh3 Rxh3 49.Rxh3 b5 50.Nh7 exf5 51.gxf5 g4
52.Rh4  1-0

[Event "GM"]
[Site "Biel SUI"]
[Date "2005.07.26"]
[Round "9"]
[White "Pelletier,Y"]
[Black "Nakamura,H"]
[Result "1-0"]
[WhiteElo "2603"]
[BlackElo "2660"]

1.d4 Nf6 2.Nf3 g6 3.c4 Bg7 4.Nc3 O-O 5.e4 d6 6.Be2 e5 7.O-O Nc6 8.d5 Ne7
9.b4 Nh5 10.Re1 f5 11.Ng5 Nf6 12.Bf3 c6 13.b5 h6 14.Ne6 Bxe6 15.dxe6 Qa5
16.Bb2 fxe4 17.Nxe4 Nxe4 18.Rxe4 d5 19.cxd5 cxd5 20.Rxe5 Bxe5 21.Bxe5 Qxb5
22.Rb1 Qc6 23.Ba1 Rf4 24.g3 Rc4 25.Qd2 Qc5 26.Bf6 g5 27.Rxb7 Rc1+ 28.Kg2 Qc4
29.Qe2 Qxe2 30.Bxe2 Nf5 31.Bg4  1-0

[Event "6th YM"]
[Site "Lausanne SUI"]
[Date "2005.09.14"]
[Round "1.1"]
[White "Nakamura,H"]
[Black "Dzagnidze,N"]
[Result "1-0"]
[WhiteElo "2660"]
[BlackElo "2438"]

1.c4 Nf6 2.Nc3 c5 3.g3 Nc6 4.Bg2 g6 5.Nf3 e5 6.O-O Bg7 7.e3 O-O 8.d4 cxd4
9.exd4 d6 10.d5 Na5 11.Nd2 b6 12.b4 Nb7 13.Bb2 h5 14.Ne2 h4 15.Qb3 Nh5 16.f4 Bg4
17.Bf3 Qd7 18.Rae1 Rae8 19.Ne4 hxg3 20.hxg3 exf4 21.Bxg7 Kxg7 22.Qc3+ f6
23.Nxf4 Re5 24.Bxg4 Qxg4 25.Ne6+ Kf7 26.Nxf6 Qxg3+ 27.Qxg3 Nxg3 28.Ng4+  1-0

[Event "6th YM"]
[Site "Lausanne SUI"]
[Date "2005.09.15"]
[Round "1.2"]
[White "Dzagnidze,N"]
[Black "Nakamura,H"]
[Result "0-1"]
[WhiteElo "2438"]
[BlackElo "2660"]

1.c4 Nf6 2.Nc3 d5 3.cxd5 Nxd5 4.d4 g6 5.e4 Nxc3 6.bxc3 Bg7 7.Nf3 c5 8.Be3 Qa5
9.Qd2 O-O 10.Rb1 a6 11.Rc1 e6 12.dxc5 Nd7 13.c4 Qa3 14.Be2 Nxc5 15.Qd6 Qa5+
16.Bd2 Rd8 17.Bxa5 Rxd6 18.e5 Nd3+ 19.Bxd3 Rxd3 20.Bb4 b5 21.Ke2 bxc4 22.Rxc4 Rd5
23.Rd1 a5 24.Rxd5 exd5 25.Rxc8+ Rxc8 26.Bxa5 Ra8 27.Bb6 Rxa2+ 28.Kd3 h6 29.h4 Kf8
30.Ke3 Ke7 31.Bc7 f6 32.exf6+ Bxf6 33.Bb6 Ra3+ 34.Ke2 Ra4 35.g3 Ke6 36.Be3 Bg7
37.Ne1 Ra2+ 38.Kf3 d4 39.Bf4 Kd5 40.Nd3 Kc4 41.Ne5+ Bxe5 42.Bxe5 d3 43.g4 h5
44.gxh5 gxh5 45.Bf6 Ra6  0-1

[Event "6th YM"]
[Site "Lausanne SUI"]
[Date "2005.09.16"]
[Round "2.1"]
[White "Nakamura,H"]
[Black "Mamedyarov,S"]
[Result "1-0"]
[WhiteElo "2660"]
[BlackElo "2646"]

1.c4 Nf6 2.Nc3 e5 3.e3 d5 4.cxd5 Nxd5 5.Nf3 Nxc3 6.bxc3 Bd6 7.d4 Nd7 8.Be2 O-O
9.O-O Qe7 10.Nd2 Ba3 11.Bxa3 Qxa3 12.Nc4 Qe7 13.Qc2 b6 14.Nxe5 Nxe5 15.Qe4 Bd7
16.Qxe5 Qxe5 17.dxe5 Rae8 18.f4 f6 19.Rad1 Bc8 20.Bc4+ Kh8 21.exf6 Rxe3 22.Rfe1 Rxe1+
23.Rxe1 gxf6 24.Re7 Bf5 25.h3 c6 26.g4 b5 27.Bb3 Bd3 28.Rxa7 c5 29.Be6 f5
30.Rd7 c4 31.g5 Re8 32.Bd5 Be4 33.Bf7 Ra8 34.h4 b4 35.Rc7 bxc3 36.Bxc4 c2
37.Bb3 Rd8 38.Kf2 Rd2+ 39.Ke3  1-0

[Event "6th YM"]
[Site "Lausanne SUI"]
[Date "2005.09.17"]
[Round "2.3"]
[White "Nakamura,H"]
[Black "Mamedyarov,S"]
[Result "1-0"]
[WhiteElo "2660"]
[BlackElo "2646"]

1.c4 Nf6 2.Nc3 e5 3.e3 d5 4.cxd5 Nxd5 5.Nf3 Nxc3 6.bxc3 Bd6 7.d4 Nd7 8.Be2 O-O
9.O-O c5 10.Bb2 Qe7 11.Nd2 Bc7 12.Bf3 Rb8 13.Ba3 b6 14.Qa4 a6 15.Rab1 Rd8
16.Rfd1 Nf6 17.Qc2 g6 18.dxc5 bxc5 19.e4 Be6 20.Be2 Rxb1 21.Rxb1 Qd7 22.Nf3 h6
23.Bxc5 Ra8 24.Be3 Qc6 25.Nd2 Kh7 26.c4 Ng4 27.Bxg4 Bxg4 28.f3 Be6 29.c5 Rd8
30.Rc1 Qb5 31.Nc4 a5 32.h3 a4 33.Qc3 a3 34.Nxa3 Qe2 35.Qe1 Qa6 36.Nb1 Qxa2
37.Nc3 Qb3 38.Rb1 Qc4 39.Nb5 Bb8 40.Qh4 Qd3 41.Re1 h5 42.Nd6 Bc7 43.Qg5 Ba5
44.Ra1 Ra8 45.Kh2 Kg8 46.Nb7 Qc3 47.Rxa5 Rxa5 48.Bd2  1-0

[Event "6th YM"]
[Site "Lausanne SUI"]
[Date "2005.09.17"]
[Round "2.4"]
[White "Mamedyarov,S"]
[Black "Nakamura,H"]
[Result "1/2-1/2"]
[WhiteElo "2646"]
[BlackElo "2660"]

1.d4 d5 2.c4 c6 3.Nc3 Nf6 4.e3 a6 5.Qc2 Bg4 6.Bd3 e6 7.Nge2 Bh5 8.Bd2 Nbd7
9.Nf4 Bg6 10.Nxg6 hxg6 11.h3 dxc4 12.Bxc4 b5 13.Be2 c5 14.Bf3 cxd4 15.exd4 Rc8
16.Qb3 Rc7 17.O-O Bd6 18.Ne4 Nxe4 19.Bxe4 Nf6 20.Bf3 Qb8 21.Rfc1 O-O 22.Rxc7 Bxc7
23.Qa3 Qa7 24.Rc1 Qxd4 25.Be3 Qe5 26.Qxa6 Qh2+ 27.Kf1 Bf4 28.Rc8 Bxe3 29.Rxf8+ Kxf8
30.Qa3+ Kg8 31.Qxe3 Qd6 32.a3 b4 33.g3 bxa3 34.bxa3 Nd7 35.Kg2 Ne5 36.a4 Qc7
37.Qb3 Qc5 38.Qb8+ Kh7 39.Qb5 Qc3 40.Be2 Nc6 41.Qc4 Qxc4 42.Bxc4 Kg8 43.Bb5 Nd4
44.Bd3 Nb3 45.Kf3 Kf8 46.Ke3 Ke7 47.Bb5 g5 48.Bc4 Na5 49.Be2 Kd6 50.Kf3 f5
51.Ke3 e5 52.Kd3 Kc5 53.Kc3 Nc6 54.Bc4 e4 55.Bf7 Ne5 56.Be6 f4 57.g4 Nd3  1/2-1/2

[Event "6th YM"]
[Site "Lausanne SUI"]
[Date "2005.09.18"]
[Round "3.1"]
[White "Volokitin,And"]
[Black "Nakamura,H"]
[Result "1-0"]
[WhiteElo "2671"]
[BlackElo "2660"]

1.e4 e6 2.d4 d5 3.Nc3 dxe4 4.Nxe4 Bd7 5.Nf3 Bc6 6.Bd3 Nd7 7.O-O Ngf6 8.Ng3 Be7
9.Re1 Bxf3 10.Qxf3 c6 11.c3 O-O 12.Bf4 Re8 13.Rad1 Qb6 14.Bc1 c5 15.dxc5 Nxc5
16.Bc2 Rad8 17.Rxd8 Bxd8 18.Nh5 Nxh5 19.Bxh7+ Kxh7 20.Qxf7 Rf8 21.Qxf8 Nd3
22.Qf3 Nhf4 23.Bxf4 Nxe1 24.Qe4+ Kh8 25.b3 Qa6 26.Qxe1 Qxa2 27.Qd1 Bb6 28.Bg3 Qb2
29.c4 Qc3 30.Kh1 e5 31.h3 Bd4 32.Kh2 Kg8 33.Qb1 a6 34.Bh4 Qd2 35.Qg6 Qf4+
36.Bg3 Qf7 37.Qg5 Qe6 38.Qd8+ Kh7 39.Qh4+ Kg8 40.Qe4 b5 41.f4 bxc4 42.fxe5 Bc5
43.bxc4 a5 44.Qa8+ Kh7 45.Qxa5 Qxc4 46.e6 Kg6 47.Qc7 Qd4 48.h4 Qg1+ 49.Kh3 Qh1+
50.Bh2 Qc1 51.Qe5 Qa3+ 52.Bg3 Kh7 53.h5 Be7 54.Qf5+ Kh8 55.Qg6 Bf8 56.Kh2 Qc5
57.h6 gxh6 58.Bh4 Qd6+ 59.Kh3 Bg7 60.Qe4 Kg8 61.Qf5 Qa3+ 62.Bg3 Qe7 63.Bh4 Qa3+
64.Qf3 Qc1 65.e7 Qc8+ 66.Kh2 Qe6 67.Qh5 Qe5+ 68.Qxe5 Bxe5+ 69.Bg3 Bxg3+ 70.Kxg3 Kf7
71.Kg4 Kxe7 72.Kh5 Kf6 73.Kxh6 Kf5 74.Kh5 Kf6 75.g4 Kg7 76.Kg5 Kh7 77.Kf6 Kh6
78.g5+ Kh7 79.Kf7 Kh8 80.Kg6  1-0

[Event "6th YM"]
[Site "Lausanne SUI"]
[Date "2005.09.19"]
[Round "3.2"]
[White "Nakamura,H"]
[Black "Volokitin,And"]
[Result "0-1"]
[WhiteElo "2660"]
[BlackElo "2671"]

1.e4 c5 2.Qh5 Nf6 3.Qh4 Nc6 4.Be2 e5 5.d3 Be7 6.Qg3 d5 7.Nd2 O-O 8.c3 b5
9.Nh3 d4 10.c4 Ne8 11.cxb5 Bh4 12.Qf3 Nb4 13.Bd1 f5 14.a3 Nd6 15.axb4 fxe4
16.Qh5 Bxh3 17.g3 Qf6 18.Bb3+ Kh8 19.f3 exf3 20.Kf2 Bg5 21.Nxf3 g6 22.Bxg5 Qf5
23.Qxh3 Qxf3+  0-1

[Event "It A"]
[Site "Stepanakert ARM"]
[Date "2005.10.02"]
[Round "1"]
[White "Nakamura,H"]
[Black "Asrian,K"]
[Result "1/2-1/2"]
[WhiteElo "2662"]
[BlackElo "2645"]

1.e4 c6 2.d4 d5 3.e5 Bf5 4.Be3 e6 5.Nd2 Nd7 6.f4 Qb6 7.Nb3 a5 8.a4 Bb4+ 9.c3 Be7
10.Nf3 Nh6 11.Be2 O-O 12.O-O Ng4 13.Bc1 Nh6 14.h3 Be4 15.g4 c5 16.Bb5 Rad8
17.Be3 cxd4 18.cxd4 f6 19.exf6 Nxf6 20.Bd2 Bb4 21.Bxb4 axb4 22.g5 Nf5 23.gxf6 Ne3
24.Qe2 Nxf1 25.Rxf1 Rxf6 26.Ne5 Rh6 27.Qe3 Bf5 28.Rf3 Qc7 29.Bd3 b6 30.Bxf5 exf5
31.Qd3 Rf6 32.Rf1 Rc8 33.Rc1 Qd8 34.Rxc8 Qxc8 35.Qb5 h6 36.Qxd5+ Kh7 37.Qg2 Qe8
38.a5 Qa4 39.a6 Qxb3 40.a7 Qe3+ 41.Kh1 Qc1+ 42.Qg1 Qc8 43.Qg2 Qc1+ 44.Qg1 Qc8
45.Qg2  1/2-1/2

[Event "It A"]
[Site "Stepanakert ARM"]
[Date "2005.10.04"]
[Round "3"]
[White "Nakamura,H"]
[Black "Macieja,B"]
[Result "1/2-1/2"]
[WhiteElo "2662"]
[BlackElo "2592"]

1.c4 c5 2.Nc3 g6 3.g3 Bg7 4.Bg2 Nc6 5.a3 Nf6 6.Rb1 a5 7.d3 O-O 8.Nf3 d6 9.Bg5 h6
10.Bd2 Rb8 11.O-O Bd7 12.h3 Ne8 13.Nb5 Nc7 14.Bc3 Nxb5 15.Bxg7 Kxg7 16.cxb5 Ne5
17.Nxe5 dxe5 18.Qa4 Qb6 19.b4 axb4 20.axb4 Rfc8 21.Rfc1 cxb4 22.Qxb4 Rxc1+
23.Rxc1 Qxb5 24.Qxe7 Rc8 25.Rxc8 Bxc8 26.e3 Be6 27.d4 exd4 28.exd4 Qb1+ 29.Kh2 Qf5
30.Qxb7 Qxf2 31.d5 Bf5 32.Qe7 Qd4 33.d6 h5 34.h4 Be6 35.Qc7 Kf6 36.Qd8+ Kg7
37.Qc7 Kf6 38.Qd8+ Kg7  1/2-1/2

[Event "It A"]
[Site "Stepanakert ARM"]
[Date "2005.10.05"]
[Round "4"]
[White "Nakamura,H"]
[Black "Bologan,V"]
[Result "1-0"]
[WhiteElo "2662"]
[BlackElo "2682"]

1.c4 e5 2.Nc3 Nf6 3.Nf3 Nc6 4.a3 g6 5.g3 Bg7 6.d3 d6 7.Bg2 O-O 8.Bg5 h6 9.Bxf6 Bxf6
10.O-O Ne7 11.Nd2 c6 12.Rc1 Bg7 13.b4 a6 14.a4 a5 15.b5 Be6 16.Nb3 f5 17.e3 Kh8
18.Qe2 Bg8 19.d4 exd4 20.Nxd4 Qb6 21.Rfd1 Qc5 22.Qd2 g5 23.Nce2 Rfd8 24.Rb1 Ra7
25.Rdc1 Rc8 26.Qd3 Qe5 27.Qd2 Bf7 28.Nb3 Rca8 29.Ned4 Be8 30.b6 Ra6 31.c5 Rb8
32.Nf3 Qf6 33.cxd6 Nd5 34.d7 Bf7 35.Nc5 Rxb6 36.Rxb6 Nxb6 37.Nxb7 Nxd7 38.Qxd7 Qb2
39.Qxf7 Qxc1+ 40.Bf1 Qd1 41.Qc7 Rxb7 42.Qc8+ Kh7 43.Qxf5+ Kg8 44.Qc8+ Bf8
45.Qxb7 Qxf3 46.Qb3+ Kh7 47.Bd3+ Kg7 48.Qc3+  1-0

[Event "It A"]
[Site "Stepanakert ARM"]
[Date "2005.10.06"]
[Round "5"]
[White "Sokolov,I"]
[Black "Nakamura,H"]
[Result "1/2-1/2"]
[WhiteElo "2696"]
[BlackElo "2662"]

1.d4 d5 2.Nf3 Nf6 3.c4 c6 4.Nc3 Qb6 5.e3 Bf5 6.Ne5 Nbd7 7.Nxd7 Bxd7 8.Bd3 e6
9.O-O Be7 10.c5 Qc7 11.b4 b6 12.Bd2 O-O 13.f4 Rfb8 14.Qc2 g6 15.Kh1 Qc8 16.Ne2 Qf8
17.a4 bxc5 18.bxc5 Bd8 19.Ng1 Ng4 20.Nf3 f5 21.a5 Bc7 22.a6 Qc8 23.h3 Nh6
24.Rg1 Nf7 25.g4 Kh8 26.g5 Qf8 27.h4 h5 28.Bc3 Kg8 29.Rgc1 Nd8 30.Kg2 Be8
31.Nd2 Qe7 32.Nb3 Bd7 33.Rab1 Bc8 34.Rb2 Kf8 35.Rcb1 Kf7 36.Qd2 Kf8 37.Bb4 Kf7
38.Qc3 Ke8 39.Nd2 Nf7 40.Qa3 Kf8 41.Nf3 Ke8 42.Qa4 Qd7 43.Kf2 Kf8 44.Qa3 Kg8
45.Qc3 Qd8 46.Rb3 Kf8 47.Ke2 Kg8 48.Kd1 Kf8 49.Kc2 Qe7 50.Kb2 Qd8 51.Ka2 Qe7
52.R3b2 Qd8 53.Qa3 Kg8 54.Qa4 Qd7 55.Nd2 Kg7 56.Nb3 Nd8 57.Na5 Kf7 58.Be2 Kg8
59.Bd3 Kf7 60.Bc3 Rxb2+ 61.Rxb2 Rb8 62.Rxb8 Bxb8 63.Nb3 Bc7 64.Nd2 Kf8 65.Nf1 Qf7
66.Ka3 Qe7 67.Ng3 Bd7 68.Be2 Be8 69.Nf1 Bd7 70.Ba5 Be8 71.Nd2 Nf7 72.Nb3 Qd8
73.Qb4 Bxa5 74.Nxa5 Qc7 75.Bd1 Nd8 76.Ba4 Ke7 77.Nb7 Bd7 78.Nd6 Bc8 79.Bd1 Bxa6
80.Qa4 Bf1 81.Qb4 Nf7 82.Qb7 Qxb7 83.Nxb7 Ba6 84.Na5 Kd7 85.Kb4 Nd8 86.Ba4 Be2
87.Kc3 Bb5 88.Bb3 Be2 89.Ba4 Kc7 90.Kb4 a6 91.Kc3 Bb5 92.Bd1 Kd7 93.Bc2 Ke7  1/2-1/2

[Event "It A"]
[Site "Stepanakert ARM"]
[Date "2005.10.10"]
[Round "8"]
[White "Nakamura,H"]
[Black "Dreev,A"]
[Result "1-0"]
[WhiteElo "2662"]
[BlackElo "2694"]

1.d4 d5 2.c4 c6 3.Nc3 Nf6 4.Nf3 e6 5.Bg5 h6 6.Bh4 dxc4 7.e4 g5 8.Bg3 b5 9.Be2 Bb7
10.h4 g4 11.Ne5 Nbd7 12.Nxg4 Rg8 13.O-O b4 14.Na4 Nxe4 15.Bxc4 Qa5 16.Rc1 O-O-O
17.Bh2 Bd6 18.Bd3 Bxh2+ 19.Nxh2 Ndf6 20.Bxe4 Nxe4 21.Nc5 Nxc5 22.Rxc5 Qxa2
23.b3 Qb2 24.Nf3 Rg4 25.Rc2 Rgxd4 26.Nxd4 Qxd4 27.Qh5 Qd3 28.Rc4 Qxb3 29.Rfc1 Kb8
30.Qxh6 Qb2 31.Qf4+ e5 32.Rxb4 exf4 33.Rxb2 Kc7 34.Rc4 f3 35.Rf4 Rd1+ 36.Kh2 fxg2
37.Rxf7+ Kd6 38.Kxg2 Ba6 39.Rxa7 Bc4 40.f3 Ke5 41.h5 Rd8 42.h6 Bd3 43.h7 Rh8
44.Rbb7 c5 45.Kf2 Kd4 46.Rd7+ Kc4 47.Ke3 Bf5 48.Rf7 Bb1 49.Kf4 Kd5 50.Kg5 c4
51.f4 Be4 52.Rfd7+ Kc5 53.f5 c3 54.Rac7+  1-0

[Event "It A"]
[Site "Stepanakert ARM"]
[Date "2005.10.11"]
[Round "9"]
[White "Aronian,L"]
[Black "Nakamura,H"]
[Result "1/2-1/2"]
[WhiteElo "2724"]
[BlackElo "2662"]

1.d4 Nf6 2.Nf3 e6 3.c4 b6 4.g3 Ba6 5.b3 Bb4+ 6.Bd2 Be7 7.Bg2 c6 8.Bc3 d5
9.Ne5 Nfd7 10.Nxd7 Nxd7 11.Nd2 O-O 12.O-O Rc8 13.e4 b5 14.Re1 dxe4 15.Nxe4 bxc4
16.Bf1 Nb6  1/2-1/2

[Event "WCC"]
[Site "Khanty Mansyisk RUS"]
[Date "2005.11.27"]
[Round "1.1"]
[White "Ganguly,S"]
[Black "Nakamura,H"]
[Result "1-0"]
[WhiteElo "2562"]
[BlackElo "2662"]

1.e4 c5 2.Nf3 d6 3.d4 cxd4 4.Nxd4 Nf6 5.Nc3 a6 6.Be2 e5 7.Nb3 Be7 8.Bg5 Nbd7
9.a4 b6 10.Bc4 Bb7 11.Qe2 O-O 12.O-O Qc7 13.Rfd1 Rfc8 14.Nd2 h6 15.Bxf6 Nxf6
16.Bb3 Bc6 17.Nf1 Qb7 18.Nd5 b5 19.axb5 Bxb5 20.Qf3 Bxf1 21.Kxf1 a5 22.Qe2 Ne8
23.Rd3 Bd8 24.Rf3 a4 25.Rxa4 Rxa4 26.Bxa4 Qxb2 27.Qd1 Nf6 28.Bb3 Qd4 29.Rd3 Qxe4
30.Nxf6+ Bxf6 31.Rxd6 Be7 32.Rd7 Kf8 33.Rd3 Bf6 34.Rd7 Be7 35.Qh5 Qf4 36.g3 Qf6
37.Rd3 Rc7 38.Kg1 e4 39.Rd5 e3 40.fxe3 Qb6 41.Kf2 Bg5 42.Qf3 g6 43.h4 Bf6
44.h5 g5 45.Kg2 Kg7 46.Rd3 Re7 47.e4 Be5 48.Qf5 Qf6 49.Qc8 Rc7 50.Qe8 Qe7
51.Qb5 Bf6 52.Qf5 Qe5 53.Rd5 Qxf5 54.Rxf5 Bc3 55.Kf3 Kf8 56.Kg4 Kg7 57.Kf3 Kf8
58.Ke2 Re7 59.Kd3 Be5 60.g4 f6 61.Rf1 Rb7 62.Bd5 Rb8 63.c3 Rc8 64.c4 Rb8
65.c5 Ke7 66.Kc4 Rb2 67.Rf3 Rb1 68.Rd3 Rg1 69.Bc6 Rc1+ 70.Kb5 Rb1+ 71.Ka6 Rc1
72.Rd7+ Ke6 73.Rd5 Ra1+ 74.Kb6 Rb1+ 75.Bb5 Bg3 76.Kc6 Rb4 77.Rd8 Ke7 78.Rd7+ Ke6
79.Ba6 Ke5 80.Re7+ Kf4 81.Bc8 Bf2 82.Rf7 Rxe4 83.Rxf6+ Kg3 84.Rxf2 Kxf2 85.Bf5 Rc4
86.Kd5 Rc1 87.c6 Ke3 88.Kd6 Rd1+ 89.Kc5 Rc1+ 90.Kb6  1-0

[Event "WCC"]
[Site "Khanty Mansyisk RUS"]
[Date "2005.11.27"]
[Round "1.2"]
[White "Nakamura,H"]
[Black "Ganguly,S"]
[Result "0-1"]
[WhiteElo "2662"]
[BlackElo "2562"]

1.e4 e5 2.Nf3 Nc6 3.d4 exd4 4.Bc4 Nf6 5.e5 d5 6.Bb5 Ne4 7.Nxd4 Bd7 8.Bxc6 bxc6
9.O-O Bc5 10.f3 Ng5 11.f4 Ne4 12.Be3 Qb8 13.Qc1 Bxd4 14.Bxd4 c5 15.Bf2 Bb5
16.Rd1 Nxf2 17.Kxf2 Bc6 18.Nd2 Qb6 19.c4 d4 20.Qc2 O-O 21.f5 Rad8 22.Rf1 Ba8
23.Kg1 d3 24.Qc3 Rd4 25.Rf2 Re8 26.Re1 Qh6 27.Qa3 Qg5 28.g3 h5 29.Qxc5 h4
30.Qxd4 hxg3 31.Kf1 gxf2 32.Qxf2 Qg4 33.f6 gxf6 34.Re3 Qd1+ 35.Qe1 Qxe1+
36.Kxe1 fxe5 37.Rxd3 f5 38.Rd7 e4 39.Nb3 f4 40.Nd4 e3 41.Nf5 Kh8 42.Nh4 Kg8
43.Ng6 f3 44.Re7 Rxe7 45.Nxe7+ Kf7 46.Nf5 e2 47.Nd4 Kf6 48.Nb5 Ke5 49.Nxc7 Be4
50.Nb5 Bd3 51.b3 Ke4 52.Nc7 Bxc4  0-1

[Event "Young Masters"]
[Site "Cuernavaca MEX"]
[Date "2006.02.04"]
[Round "2"]
[White "Nakamura,H"]
[Black "Volokitin,And"]
[Result "1-0"]
[WhiteElo "2644"]
[BlackElo "2665"]

1.d4 Nf6 2.c4 e6 3.Nc3 Bb4 4.e3 O-O 5.a3 Bxc3+ 6.bxc3 c5 7.Bd3 Nc6 8.Ne2 b6
9.e4 Ne8 10.O-O Ba6 11.f4 f5 12.exf5 exf5 13.dxc5 bxc5 14.Ng3 g6 15.Be3 d6
16.Bxf5 gxf5 17.Qd5+ Rf7 18.Qxc6 Bb7 19.Qa4 Qf6 20.Rab1 Ng7 21.Qd1 Re8 22.Re1 Qg6
23.Bf2 Rxe1+ 24.Qxe1 h5 25.h4 Rd7 26.Qd1 Kh7 27.Qa4 Qf7 28.Rd1 Ne6 29.Be3 Qg7
30.Kf2 Kg6 31.Rd2 Qe7 32.Qd1 Qxh4 33.Rxd6 Re7 34.Rd7 Qh2 35.Rxe7 Qxg2+ 36.Ke1 Qxg3+
37.Kd2 Kf6 38.Rh7 Nxf4 39.Qf1 Ng2 40.Bxc5 Be4 41.Bd4+ Ke6 42.c5 Qg5+ 43.Kd1 Qg4+
44.Kc1 Qg5+ 45.Kd1 Qg4+ 46.Qe2 Nf4 47.Rh6+ Kd7 48.Qxg4 hxg4 49.Rh7+ Kc6 50.Rxa7 g3
51.Rg7 g2 52.Kd2 Ne6 53.Rg8 f4 54.Bf2 f3 55.a4 Nf4 56.Ke3 Bd5 57.Rg4 Ne2
58.c4 Bf7 59.a5 Nc3 60.Rf4 Bh5 61.Kd2 Nd1 62.Rf6+ Kc7 63.Ke1 Nb2 64.Bg3+ Kd7
65.Kf2 Nd1+ 66.Kg1 Nc3 67.Bf2 Ne4 68.c6+ Kd8 69.Re6 Nxf2 70.Kxf2 Bf7 71.a6 Bxe6
72.a7  1-0

[Event "Young Masters"]
[Site "Cuernavaca MEX"]
[Date "2006.02.05"]
[Round "3"]
[White "Leon Hoyos,M"]
[Black "Nakamura,H"]
[Result "0-1"]
[WhiteElo "2428"]
[BlackElo "2644"]

1.Nf3 Nf6 2.g3 d5 3.Bg2 c5 4.O-O Nc6 5.d3 Bg4 6.c4 d4 7.e3 e6 8.a3 a5 9.h3 Bh5
10.exd4 cxd4 11.Qa4 Nd7 12.Qb5 Bg6 13.Qxb7 Qc8 14.Qxc8+ Rxc8 15.Rd1 Nc5 16.Bf1 h6
17.Nbd2 a4 18.Ne1 e5 19.Be2 Bd6 20.Rb1 Na5 21.f3 Be7 22.Ne4 Ncb3 23.g4 O-O
24.Nc2 f5 25.gxf5 Bxf5 26.Nb4 Bxh3 27.Nd5 Bd8 28.Bd2 Nxd2 29.Rxd2 Nb3 30.Rc2 Rc6
31.Kh2 Bf5 32.Rg1 Nc5 33.Nb4 Bxe4 34.dxe4 Rb6 35.Bd1 Bg5 36.Rcg2 Kh7 37.Be2 Rfb8
38.Rd1 Rxb4 39.axb4 Rxb4 40.Bf1 Rb3 41.Rf2 Bh4 42.Rc2 Rxf3 43.Bh3 Bg5 44.Kg2 Rb3
45.Rf2 Bf4 46.Bc8 g6 47.Kf1 Kg7 48.Rg2 Kf6 49.Bg4 h5 50.Bc8 Rb4 51.Rc2 g5
52.Bf5 g4 53.Ra1 d3  0-1

[Event "Young Masters"]
[Site "Cuernavaca MEX"]
[Date "2006.02.06"]
[Round "4"]
[White "Nakamura,H"]
[Black "Bruzon,L"]
[Result "1/2-1/2"]
[WhiteElo "2644"]
[BlackElo "2650"]

1.d4 Nf6 2.c4 e6 3.Nf3 Bb4+ 4.Nc3 b6 5.Bg5 h6 6.Bh4 Bb7 7.e3 Bxc3+ 8.bxc3 d6
9.Nd2 Nbd7 10.f3 Qe7 11.e4 g5 12.Bf2 O-O-O 13.Qa4 Kb8 14.Rb1 c5 15.Be2 Rhg8
16.g4 h5 17.h3 Rh8 18.Rg1 hxg4 19.hxg4 Nh7 20.Nb3 e5 21.d5 Nhf8 22.Kd2 Ng6
23.Rh1 f6 24.Na1 Rxh1 25.Rxh1 Rh8 26.Rxh8+ Nxh8 27.Nc2 Bc8 28.Ne3 Nf8 29.Nf5 Bxf5
30.gxf5 Nf7 31.Qd1 Kc7 32.Qh1 Kd8 33.Bd1 Qb7 34.Bb3 Ke7 35.Qd1 Qa6 36.Kd3 Nd7
37.Ba4 Qc8 38.Qb3 Nb8 39.Be3 Qh8 40.Qb5 Kd8 41.Bd1 Kc7 42.Qa4 a6 43.Qc2 Qh3
44.Be2 Qh1 45.Kd2 Nd8 46.Qd1 Qxd1+ 47.Kxd1 Nf7 48.Ke1 Kd8 49.Bd1 Ke7 50.Kf2  1/2-1/2

[Event "Young Masters"]
[Site "Cuernavaca MEX"]
[Date "2006.02.07"]
[Round "5"]
[White "Dominguez,L"]
[Black "Nakamura,H"]
[Result "1-0"]
[WhiteElo "2638"]
[BlackElo "2644"]

1.e4 e6 2.d4 d5 3.Nc3 Nf6 4.e5 Nfd7 5.f4 c5 6.Nf3 Nc6 7.Be3 cxd4 8.Nxd4 Bc5
9.Qd2 O-O 10.g3 Nxd4 11.Bxd4 Bxd4 12.Qxd4 Nb8 13.O-O-O Nc6 14.Qc5 Bd7 15.Kb1 Rc8
16.Qd6 Na5 17.Bd3 Rc6 18.Qa3 a6 19.Ne2 b5 20.Nd4 Rc8 21.Rhe1 Re8 22.Nf3 Qb6
23.Qb4 Nb7 24.g4 Nc5 25.Qd2 b4 26.f5 Nxd3 27.f6 Qc5 28.cxd3 Qf8 29.Nd4 a5
30.Rc1 h6 31.g5 g6 32.h4 h5 33.Rxc8 Rxc8 34.Rc1 Ba4 35.Qe3 Qd8 36.b3 Bd7
37.Rxc8 Qxc8 38.Nc2 Bb5 39.Kc1 Qc3 40.Qd4 Qc7 41.Kd2 Bd7 42.Kc1 Kf8 43.Kb2 Ke8
44.a3 bxa3+ 45.Nxa3 Kd8 46.Nc2 Kc8 47.Qc3 Kb7 48.Qxc7+ Kxc7 49.Kc3 Kb6 50.b4 a4
51.Nd4 Ka6 52.Kb2 Kb6 53.Ka3 Be8 54.Ne2 Bb5 55.Nc3 d4 56.Ne2 Bxd3 57.Nxd4 Bc4
58.Kxa4 Bd5 59.Ne2 Bc6+ 60.Kb3 Bb5 61.Nf4 Be8 62.Kc4 Bb5+ 63.Kd4 Be8 64.Ne2 Bc6
65.Nc3 Bg2 66.b5  1-0

[Event "Young Masters"]
[Site "Cuernavaca MEX"]
[Date "2006.02.08"]
[Round "6"]
[White "Nakamura,H"]
[Black "Felgaer,R"]
[Result "1-0"]
[WhiteElo "2644"]
[BlackElo "2607"]

1.e4 c5 2.Nf3 Nc6 3.Nc3 g6 4.a3 Bg7 5.Rb1 Nf6 6.b4 d6 7.bxc5 dxc5 8.Bb5 Bd7
9.O-O O-O 10.Re1 Ne8 11.Nd5 Nd6 12.Bf1 e6 13.Ne3 Nd4 14.d3 Ba4 15.Bb2 Qa5
16.Nd2 Rfd8 17.Qc1 Rac8 18.c3 b5 19.Ba1 Nc6 20.f4 Rd7 21.e5 Nf5 22.Ne4 Qb6
23.Ng4 Kh8 24.Kh1 Rcd8 25.Qb2 Rxd3 26.Bxd3 Rxd3 27.Ngf2 Rd7 28.Qe2 c4 29.Qf3 Bc2
30.Rb2 Bxe4 31.Qxe4 Qc5 32.Qb1 a6 33.Ne4 Qa7 34.a4 h6 35.axb5 axb5 36.Rxb5 g5
37.fxg5 Bxe5 38.Rc5 Qc7 39.Qb5 Nfe7 40.h3 Bg3 41.Rf1 hxg5 42.Rxg5 Be5 43.Qxc4 Ng6
44.Qe2 Bf4  1-0

[Event "Young Masters"]
[Site "Cuernavaca MEX"]
[Date "2006.02.09"]
[Round "7"]
[White "Vallejo Pons,F"]
[Black "Nakamura,H"]
[Result "1/2-1/2"]
[WhiteElo "2650"]
[BlackElo "2644"]

1.e4 c5 2.Ne2 d6 3.g3 h5 4.h3 e5 5.Bg2 Nc6 6.c3 g6 7.d4 Bg7 8.Be3 b6 9.Na3 Nge7
10.dxc5 dxc5 11.Qxd8+ Nxd8 12.Nb5 O-O 13.Nc7 Rb8 14.O-O-O Bb7 15.g4 Rc8 16.Rd7 Bc6
17.Rxe7 Bf6 18.Nd5 Bxd5 19.Rxa7 Bc4 20.Ng3 Nc6 21.Rb7 h4 22.Nf1 Bd8 23.Nd2 Be6
24.Bf1 Ra8 25.Bb5 Na5 26.Rd7 Bxd7 27.Bxd7 Kg7 28.a4 Be7 29.Kc2 Rab8 30.Bb5 Rfc8
31.Nc4 Nxc4 32.Bxc4 Ra8 33.b3 Rd8 34.Rg1 f6 35.f3 g5 36.Bd5 Ra5 37.c4 Kf8
38.Bd2 Ra7 39.Be3 Ra5 40.Bd2  1/2-1/2